The 8088 project book / (Record no. 61215)

000 -LEADER
fixed length control field 01036pam a2200289 a 4500
001 - CONTROL NUMBER
control field 4343224
003 - CONTROL NUMBER IDENTIFIER
control field NUST-PNEC
005 - DATE AND TIME OF LATEST TRANSACTION
control field 20170116180717.0
008 - FIXED-LENGTH DATA ELEMENTS--GENERAL INFORMATION
fixed length control field 890213s1989 paua f 001 0 eng
010 ## - LIBRARY OF CONGRESS CONTROL NUMBER
LC control number 89004283
020 ## - INTERNATIONAL STANDARD BOOK NUMBER
International Standard Book Number 0830602712 :
Terms of availability $27.95
020 ## - INTERNATIONAL STANDARD BOOK NUMBER
International Standard Book Number 0830631712
040 ## - CATALOGING SOURCE
Original cataloging agency DLC
Transcribing agency PNEC
Modifying agency DLC
050 00 - LIBRARY OF CONGRESS CALL NUMBER
Classification number TK7867
Item number .G73 1989
082 00 - DEWEY DECIMAL CLASSIFICATION NUMBER
Classification number 621.395 GRO
Edition number 19
100 1# - MAIN ENTRY--PERSONAL NAME
Personal name Grossblatt, Robert.
245 14 - TITLE STATEMENT
Title The 8088 project book /
Statement of responsibility, etc. Robert Grossblatt.
250 ## - EDITION STATEMENT
Edition statement 1st ed.
260 ## - PUBLICATION, DISTRIBUTION, ETC.
Place of publication, distribution, etc. Blue Ridge Summit, PA :
Name of publisher, distributor, etc. TAB Books,
Date of publication, distribution, etc. c1989.
300 ## - PHYSICAL DESCRIPTION
Extent vii, 252 p. :
Other physical details ill. ;
Dimensions 29 cm.
500 ## - GENERAL NOTE
General note Includes index. http://www.amazon.com/8088-Project-Book-Robert-Grossblatt/dp/0830631712/ref=sr_1_1?s=books&ie=UTF8&qid=1413887116&sr=1-1&keywords=0830631712
650 #0 - SUBJECT ADDED ENTRY--TOPICAL TERM
Topical term or geographic name entry element Electronic circuit design
General subdivision Amateurs' manuals.
-- EL
650 #0 - SUBJECT ADDED ENTRY--TOPICAL TERM
Topical term or geographic name entry element Intel 8088 (Microprocessor)
General subdivision Amateurs' manuals.
740 0# - ADDED ENTRY--UNCONTROLLED RELATED/ANALYTICAL TITLE
Uncontrolled related/analytical title Eight thousand eighty-eight project book.
906 ## - LOCAL DATA ELEMENT F, LDF (RLIN)
a 7
b cbc
c orignew
d 1
e ocip
f 19
g y-gencatlg
942 ## - ADDED ENTRY ELEMENTS (KOHA)
Source of classification or shelving scheme
Koha item type Book
Holdings
Withdrawn status Lost status Source of classification or shelving scheme Damaged status Not for loan Permanent Location Current Location Shelving location Date acquired Source of acquisition Cost, normal purchase price Total Checkouts Full call number Barcode Date last seen Cost, replacement price Price effective from Koha item type
          Pakistan Navy Engineering College (PNEC) Pakistan Navy Engineering College (PNEC) Reference 03/31/1998 Vanguard Books 495.00   621.395 GRO PNECLIB-020044 10/21/2014 495.00 03/31/1998 Book
© 2023 Central Library, National University of Sciences and Technology. All Rights Reserved.